| 000 | 00585nam a2200193Ia 4500 | ||
|---|---|---|---|
| 005 | 20260114185641.0 | ||
| 008 | 008 260114s9999 xx 000 0 eng d | ||
| 020 | _a9781474219907 | ||
| 037 | _aEBOOK | ||
| 040 |
_aCRL _beng _cCRL |
||
| 041 |
_aeng _2eng |
||
| 084 | _qCRL | ||
| 100 |
_aGriseldis Kirsch _9872690 |
||
| 245 | 0 | _aContemporary Sino-Japanese Relations on Screen A History, 1989-2005 | |
| 260 |
_bBloomsbury _c2015 |
||
| 856 | _uhttps://doi.org/10.5040/9781474219907?locatt=label:secondary_bloomsburyCollections | ||
| 942 | _cEBOOK | ||
| 999 |
_c1471638 _d1471638 |
||